00585nam a2200205Ia 4500003000400000005001700004008004100021040001800062041000800080082002500088100001700113245006300130250001200193260003900205300002500244650002300269651003600292651002400328651002700352OSt20231007111207.0210716s1992 xx 000 0 und d cAIMIT LIBRARY aeng a374.22 BULC21bBULC aBull, chris. aDoing business in the European community /cBy Bull Chres. a1st ed. aU S A :bPrice waterhouse ,c1992. a153p. ;bPBc22.8 cm aGeneral Management aFour goals of the single market aExporting to the EC aEC legislative process